CBS Quick Medical Examinations Review : Volume 2 (Record no. 152102)

MARC details
000 -LEADER
fixed length control field 00362nam a2200121Ia 4500
008 - FIXED-LENGTH DATA ELEMENTS--GENERAL INFORMATION
fixed length control field 230411s9999 xx 000 0 und d
041 ## - LANGUAGE CODE
Language code of text/sound track or separate title eng
082 ## - DEWEY DECIMAL CLASSIFICATION NUMBER
Classification number F/610.07/BHA/B00641
100 ## - MAIN ENTRY--PERSONAL NAME
Personal name Bhatia M S
9 (RLIN) 176403
245 ## - TITLE STATEMENT
Title CBS Quick Medical Examinations Review : Volume 2
260 ## - PUBLICATION, DISTRIBUTION, ETC. (IMPRINT)
Name of publisher, distributor, etc. CBS Publishers & Distributors
Place of publication, distribution, etc. New Delhi
Date of publication, distribution, etc. 2001
Holdings
Withdrawn status Lost status Damaged status Not for loan Collection code Home library Current library Date acquired Vendor Cost, normal purchase price Bill number Total Checkouts Full call number Barcode Date last seen Cost, replacement price Bill Date Koha item type Original Barcode
          Smt. Bakul Tambat Institute of Nursing Education Smt. Bakul Tambat Institute of Nursing Education 03/06/2002 A.D.Kansara Pune. 380.00 5661   F 610.07 BHA B00641 BTIN-BK-641 11/04/2023 380.00 03/06/2002 Books B00641